000 00615nam a22002057a 4500
005 20230824151807.0
008 230824b |||||||| |||| 00| 0 eng d
020 _a9789393885425
041 _aeng
082 _223
_a610.73
100 _a Gaikwad, Jyoti Kiran
_9204441
110 _a Suke, Sukeshini
_9204442
245 _aOSCEs & OSPEs Guide For Clinical Nursing Foundation Skills (As per new INC revised B.Sc. Nursing Syllabus)
250 _a1
260 _aBangalore
_bEMMESS Medical Publisher
_c2023
300 _aXIV;317P.
365 _aRs.
_b350.00
_cRs.
650 _aNursing Foundation
942 _cCB
999 _c355907
_d355907